• 首页
  • 本馆介绍
  • 公告通知
  • 最新文献
  • 馆藏检索
  • 电子资源
  • 读者导购
  • 参考咨询
  • 我的图书馆
  • 登录
  • 详细信息显示
  • 放入我的书架
  • 预约/预借图书
  • 作者相关作品
  • 分类相关作品
  • 丛书相关作品
  • 出版社相关作品

书目信息

  • 表格格式
  • 工作单格式
  • 卡片格式
题名:
笔记本电脑使用、维护与故障排除从入门到精通
    
 
作者: 王红丽 , 郑继锋 编著
分册:  
出版信息: 北京   中国铁道出版社  2017.01
页数: 304页
开本: 26cm
丛书名:
单 册:
中图分类: TP368.320.7
科图分类:
主题词: 笔记本计算机--应用 , 笔记本计算机--维修
电子资源:
ISBN: 978-7-113-22380-9
000 01166nam0 2200289 450
001 0120172118506
005 20170327105019.87
010    @a978-7-113-22380-9@dCNY49.80(含光盘)
100    @a20170213d2017 em y0chiy50 ea
101 0  @achi
102    @aCN@b110000
105    @aak z 000yy
106    @ar
200 1  @a笔记本电脑使用、维护与故障排除从入门到精通@9bi ji ben dian nao shi yong 、 wei hu yu gu zhang pai chu cong ru men dao jing tong@f王红丽,郑继锋编著
205    @a5版
210    @a北京@c中国铁道出版社@d2017.01
215    @a304页@c图@d26cm@e1光盘
307    @a附光盘:ISBN 978-7-89406-493-6
330    @a本书对目前主流的笔记本电脑使用和维护技术进行了详细阐述;主要讲解了笔记本电脑内部构造,选购测试技巧,系统安装与设置技巧、注册表设置、组网、系统备份、笔记本电脑的维护升级以及笔记本电脑简单的维修技巧,同时给出大量经典的维修案例。
333    @a从事专业笔记本电脑维护与维修人员
606 0  @a笔记本计算机@x应用
606 0  @a笔记本计算机@x维修
690    @aTP368.320.7@v5
701  0 @a王红丽@9wang hong li@4编著
701  0 @a郑继锋@9zheng ji feng@4编著
801  0 @aCN@b人天书店@c20170213
905    @b983527-30@dTP368.320.7@e488=5@f4
    
    笔记本电脑使用、维护与故障排除从入门到精通/王红丽,郑继锋编著.-5版.-北京:中国铁道出版社,2017.01
    304页:图;26cm+1光盘
    使用对象:从事专业笔记本电脑维护与维修人员
    
    ISBN 978-7-113-22380-9:CNY49.80(含光盘)
    本书对目前主流的笔记本电脑使用和维护技术进行了详细阐述;主要讲解了笔记本电脑内部构造,选购测试技巧,系统安装与设置技巧、注册表设置、组网、系统备份、笔记本电脑的维护升级以及笔记本电脑简单的维修技巧,同时给出大量经典的维修案例。
●
相关链接 在E读中查询图书 在五车中查询图书 在当当中查询图书 在豆瓣中查询图书


正题名:笔记本电脑使用、维护与故障排除从入门到精通     索取号:TP368.320.7/488=5         预约/预借

序号 登录号 条形码 馆藏地/架位号 状态 备注
1 983527   209835277   第二样本阅览室/ [索取号:TP368.320.7/488=5] 在馆    
2 983528   209835286   第三借阅区/ [索取号:TP368.320.7/488=5] 在馆    
3 983529   209835295   第三借阅区/ [索取号:TP368.320.7/488=5] 在馆    
4 983530   209835302   密集书库—计算机科学学院/ [索取号:TP368.320.7/488=5] 在馆    
唐山师范学院图书馆 欢迎您!
大连网信软件有限公司© 版权所有